Trans Siberian Railway - All stops between Moscow and Vladivostok - Statistics

General Stats
  • This quiz has been taken 301 times
  • The average score is 13 of 57
Answer Stats
Distance From Moscow (km) Station % Correct
0 Moscow Yaroslavskaya
96%
9259 Vladivostok Gorod
91%
5153 Irkutsk Pass
77%
5145 Irkutsk Sort
77%
1778 Yekaterinburg
75%
3303 Novosibirsk Glavny
74%
2676 Omsk
74%
1397 Perm
68%
5609 Ulan-Ude Pass
63%
8493 Khabarovsk 1
55%
4065 Krasnoyarsk Pass
52%
461 Nizhny Novgorod
52%
6166 Chita 2
50%
210 Vladimir
43%
2104 Tyumen
41%
917 Kirov Pass
37%
5113 Angarsk
21%
8320 Birobidzhan
19%
9147 Ussuriysk
19%
4312 Kansk-Yeniseisky
16%
4902 Zima
14%
2393 Ishim
11%
9009 Spassk-Dalnii
10%
4483 Taishet
10%
3881 Achinsk 1
9%
4763 Tulun
9%
3680 Mariinsk
8%
6876 Mogocha
8%
5279 Sludyanka 1
8%
3000 Barabinsk
7%
7835 Belogorsk
7%
7081 Erofei Pavlovich
7%
3532 Taiga
7%
7463 Magdagachi
6%
4647 Nizhneudinsk
6%
8726 Bikin
5%
3813 Bogotol
5%
1154 Balezino
4%
8845 Dalnerechensk 1
4%
7275 Skovorodino
4%
9226 Ugolnaya
4%
5902 Khilok
3%
7777 Svobodny
3%
6974 Amazar
2%
4344 Ilanskaya
2%
6262 Karymskaya
2%
9079 Sibirtsevo
2%
8050 Arkhara
1%
7999 Bureya
1%
6555 Chernyshev-Zabaikalsk
1%
8773 Luchegorsk
1%
9061 Muchnaya
1%
8160 Obluchye
1%
5752 Petrovsky Zavod
1%
8902 Ruzhino
1%
7528 Tygda
1%
8621 Vyazemskaya
1%
No matching quizzes found
Score Distribution
Percent of People with Each Score
Percentile by Number Answered
Your Score History
You have not taken this quiz